00788nam a22001815i 450000100060000000300090000600500170001500700030003200800410003504000200007610000620009624502160015826000420037430000280041685200210044499900170046595201240048254159ES-MaACL20230906162915.0t|960715s1853 po ||||1| por d aCAM bspa cCAM1 aFiganière, Frederico Francisco de la cVisconde.95073510aCatalogo dos manuscriptos portuguezes existentes no Museu Britannicob: em que tambem se dá noticia dos manuscriptos estrangeiros relativos á historia civil ... / cpor Frederico Francisco de la Figanière. aLisboa : bImprensa Nacional, c1853. aXXVI, 415 p. ; c21 cm. aES-MaACLjG-9153 c54159d54159 001040708LIBXIXaATENEOMbATENEOMcSPP3d2008-01-17eSCl0oG-9153p1056916r2023-02-23 00:00:00w2023-02-23yMONANT